00641nam a22001817a 450000500170000001000150001702000300003203500140006203700130007608200150008910000190010424500830012326000610020627000770026730000390034450000510038370000250043420210219120610.0 aENG-129040 c799.00a978-1-4087-0707-4 aEN-112572 bDBAD/PUB a320.980904 aHobsbawm, Eric aViva La Revolucion: on Latin America/cEric Hobsbawm; edited by Leslie Bethell aGurugrambHachette Book Publishing India Pvt. Ltd.c2016 bGurugrama4th/5th Floors, Corporate Centre, Plot No- 94, Sec- 44e122003 a470p.c24cm(hbk)bIncluding index. aTranslated from the Swedish By George Goulding aBethell, Leslie, Ed.